The SAGE handbook of new approaches in management and organization

Other Authors: Barry, Daved, Hansen, Hans
Published: Los Angeles: SAGE, 2008
Subjects:
LEADER 00946cam a2200277 7i4500
001 0000068544
005 20260224090000.0
008 260224t20082008cau# ### #00001eng##
020 # # |a 9781412912181  
020 # # |a 1412912180  
040 # # |a UMT   |b eng   |c UMT   |e rda 
090 0 0 |a HD 28   |b .S3 2008 
245 0 4 |a The SAGE handbook of new approaches in management and organization   |c edited by Daved Barry and Hans Hansen. 
246 0 3 |a New approaches in management and organization 
264 # 1 |a Los Angeles:   |b SAGE,   |c 2008 
264 # 4 |c ♭2008 
300 # # |a xx, 609 pages;   |c 26 cm 
336 # # |a text --   |2 rdacontent 
337 # # |a unmediated --   |2 rdamedia 
338 # # |a volume --   |2 rdacarrier 
504 # # |a Includes bibliographical references and index 
590 # # |a Pusat Pengajian Pembangunan Sosial dan Ekonomi 
650 0 0 |a Management  
700 1 # |a Barry, Daved  
700 1 # |a Hansen, Hans  
999 |a 1100065253  |b Book  |c Open Shelf  |e KOLEKSI TERBUKA